00335nam a2200133Ia 4500003000400000005001700004008004100021040000900062082002000071100002000091245004200111260003900153300000900192OSt20200608093522.0190216s9999||||xx |||||||||||||| ||und|| coclc a320.9548bMAH/S aMahalingam, T V 0aSouth Indian Polity /cT V Mahalingam bManas Foundations,aMadras:c1955. a528p